000 00375nam a22001577a 4500
003 OSt
005 20211015112723.0
008 211015b |||||||| |||| 00| 0 eng d
040 _cHAWASSA UNIVERSITY
050 _a631.4/SOI
_b1
082 _22
_a631.4/SOI
_b1
245 _aSOIL CHEMISTRY
260 _aNEW YORK
_bTORONTO
_c1985
300 _axiv/341
942 _2ddc
_cBOOKS
_n0
999 _c12988
_d12988